<?xml version="1.0" encoding="UTF-8"?>
<record
    xmlns:xsi="http://www.w3.org/2001/XMLSchema-instance"
    xsi:schemaLocation="http://www.loc.gov/MARC21/slim http://www.loc.gov/standards/marcxml/schema/MARC21slim.xsd"
    xmlns="http://www.loc.gov/MARC21/slim">

  <leader>01251nam a22002177a 4500</leader>
  <datafield tag="999" ind1=" " ind2=" ">
    <subfield code="c">56418</subfield>
    <subfield code="d">56418</subfield>
  </datafield>
  <controlfield tag="005">20210325202809.0</controlfield>
  <controlfield tag="008">      s2551    th                  tha d</controlfield>
  <datafield tag="040" ind1=" " ind2=" ">
    <subfield code="a">NALT</subfield>
  </datafield>
  <datafield tag="041" ind1=" " ind2=" ">
    <subfield code="a">tha</subfield>
  </datafield>
  <datafield tag="050" ind1=" " ind2=" ">
    <subfield code="a">PN 1978.T5 </subfield>
    <subfield code="b">&#xE28;528&#xE01; 2551</subfield>
  </datafield>
  <datafield tag="110" ind1="2" ind2=" ">
    <subfield code="9">40448</subfield>
    <subfield code="a">&#xE01;&#xE23;&#xE21;&#xE28;&#xE34;&#xE25;&#xE1B;&#xE32;&#xE01;&#xE23;. </subfield>
    <subfield code="b">&#xE2A;&#xE33;&#xE19;&#xE31;&#xE01;&#xE01;&#xE32;&#xE23;&#xE2A;&#xE31;&#xE07;&#xE04;&#xE35;&#xE15;</subfield>
  </datafield>
  <datafield tag="245" ind1="1" ind2="0">
    <subfield code="a">&#xE01;&#xE32;&#xE23;&#xE41;&#xE2A;&#xE14;&#xE07;&#xE21;&#xE2B;&#xE23;&#xE2A;&#xE1E;&#xE07;&#xE32;&#xE19;&#xE1E;&#xE23;&#xE30;&#xE23;&#xE32;&#xE0A;&#xE1E;&#xE34;&#xE18;&#xE35;&#xE1E;&#xE23;&#xE30;&#xE23;&#xE32;&#xE0A;&#xE17;&#xE32;&#xE19;&#xE40;&#xE1E;&#xE25;&#xE34;&#xE07;&#xE1E;&#xE23;&#xE30;&#xE28;&#xE1E; &#xE2A;&#xE21;&#xE40;&#xE14;&#xE47;&#xE08;&#xE1E;&#xE23;&#xE30;&#xE40;&#xE08;&#xE49;&#xE32;&#xE1E;&#xE35;&#xE48;&#xE19;&#xE32;&#xE07;&#xE40;&#xE18;&#xE2D; &#xE40;&#xE08;&#xE49;&#xE32;&#xE1F;&#xE49;&#xE32;&#xE01;&#xE31;&#xE25;&#xE22;&#xE32;&#xE13;&#xE34;&#xE27;&#xE31;&#xE12;&#xE19;&#xE32; &#xE01;&#xE23;&#xE21;&#xE2B;&#xE25;&#xE27;&#xE07;&#xE19;&#xE23;&#xE32;&#xE18;&#xE34;&#xE27;&#xE32;&#xE2A;&#xE23;&#xE32;&#xE0A;&#xE19;&#xE04;&#xE23;&#xE34;&#xE19;&#xE17;&#xE23;&#xE4C; &#xE13; &#xE40;&#xE27;&#xE17;&#xE35;&#xE01;&#xE25;&#xE32;&#xE07;&#xE41;&#xE08;&#xE49;&#xE07; &#xE21;&#xE13;&#xE11;&#xE25;&#xE1E;&#xE34;&#xE18;&#xE35;&#xE17;&#xE49;&#xE2D;&#xE07;&#xE2A;&#xE19;&#xE32;&#xE21;&#xE2B;&#xE25;&#xE27;&#xE07; &#xE27;&#xE31;&#xE19;&#xE40;&#xE2A;&#xE32;&#xE23;&#xE4C;&#xE17;&#xE35;&#xE48; 15 - &#xE27;&#xE31;&#xE19;&#xE2D;&#xE32;&#xE17;&#xE34;&#xE15;&#xE22;&#xE4C;&#xE17;&#xE35;&#xE48; 16 &#xE1E;&#xE24;&#xE28;&#xE08;&#xE34;&#xE01;&#xE32;&#xE22;&#xE19; 2551.</subfield>
  </datafield>
  <datafield tag="260" ind1=" " ind2=" ">
    <subfield code="a">&#xE01;&#xE23;&#xE38;&#xE07;&#xE40;&#xE17;&#xE1E;&#xE2F; : </subfield>
    <subfield code="b">&#xE01;&#xE23;&#xE21;&#xE28;&#xE34;&#xE25;&#xE1B;&#xE32;&#xE01;&#xE23;, </subfield>
    <subfield code="c">2551.</subfield>
  </datafield>
  <datafield tag="300" ind1=" " ind2=" ">
    <subfield code="a">47 &#xE2B;&#xE19;&#xE49;&#xE32; :</subfield>
    <subfield code="b">&#xE20;&#xE32;&#xE1E;&#xE1B;&#xE23;&#xE30;&#xE01;&#xE2D;&#xE1A; ;</subfield>
    <subfield code="c">21 &#xE0B;&#xE21;.</subfield>
  </datafield>
  <datafield tag="650" ind1=" " ind2="4">
    <subfield code="a">&#xE21;&#xE2B;&#xE23;&#xE2A;&#xE1E;</subfield>
    <subfield code="9">38965</subfield>
    <subfield code="z">&#xE44;&#xE17;&#xE22;</subfield>
  </datafield>
  <datafield tag="650" ind1=" " ind2="4">
    <subfield code="a">&#xE42;&#xE02;&#xE19;</subfield>
    <subfield code="9">19764</subfield>
  </datafield>
  <datafield tag="650" ind1=" " ind2="4">
    <subfield code="a">&#xE2B;&#xE19;&#xE31;&#xE07;&#xE43;&#xE2B;&#xE0D;&#xE48;</subfield>
    <subfield code="9">40449</subfield>
  </datafield>
  <datafield tag="850" ind1=" " ind2=" ">
    <subfield code="a">NALT</subfield>
  </datafield>
  <datafield tag="942" ind1=" " ind2=" ">
    <subfield code="c">GB</subfield>
    <subfield code="2">lcc</subfield>
  </datafield>
  <datafield tag="952" ind1=" " ind2=" ">
    <subfield code="0">0</subfield>
    <subfield code="1">0</subfield>
    <subfield code="2">lcc</subfield>
    <subfield code="4">0</subfield>
    <subfield code="7">0</subfield>
    <subfield code="8">CGBL</subfield>
    <subfield code="a">NALT</subfield>
    <subfield code="b">NALT</subfield>
    <subfield code="e">&#xE1A;&#xE23;&#xE34;&#xE08;&#xE32;&#xE04;</subfield>
    <subfield code="l">0</subfield>
    <subfield code="o">PN 1978.T5 &#xE28;528&#xE01; 2551</subfield>
    <subfield code="p">3961173953</subfield>
    <subfield code="r">2017-06-09 00:00:00</subfield>
    <subfield code="t">&#xE09;. 1</subfield>
    <subfield code="w">2017-06-09</subfield>
    <subfield code="y">GB</subfield>
  </datafield>
  <datafield tag="952" ind1=" " ind2=" ">
    <subfield code="0">0</subfield>
    <subfield code="1">0</subfield>
    <subfield code="2">lcc</subfield>
    <subfield code="4">0</subfield>
    <subfield code="7">0</subfield>
    <subfield code="8">CGBL</subfield>
    <subfield code="a">NALT</subfield>
    <subfield code="b">NALT</subfield>
    <subfield code="e">&#xE1A;&#xE23;&#xE34;&#xE08;&#xE32;&#xE04;</subfield>
    <subfield code="l">0</subfield>
    <subfield code="o">PN 1978.T5 &#xE28;528&#xE01; 2551</subfield>
    <subfield code="p">3961173954</subfield>
    <subfield code="r">2017-06-09 00:00:00</subfield>
    <subfield code="t">&#xE09;. 2</subfield>
    <subfield code="w">2017-06-09</subfield>
    <subfield code="y">GB</subfield>
  </datafield>
</record>
